00858nab a2200229uuc450000100070000000500170000700800410002403500110006503500210007604000130009704100080011010000460011824501010016465000400026565000350030565000390034065000430037970000230042277301540044594200100059999900190060996789520240201202913.0060322e20050701 spa  a967895 a(OCoLC)820346354 ccomduadb aspa10aMontanes P., Pubiano L.4auteaut953689010aFluidez verbal en pacientes con enfermedad de Alzheimer : un analisis transversal y longitudinal 7aEnfermedad de Alzheimer2dcs913367 aTrastornos del lenguaje969683 7aTrastornos cognitivos2lemb972923 aEvaluación neuropsicológica97012910aCano, C.4auteaut0 tRevista de la Asociación Colombiana de Gerontología y Geriatría (Bogotá)gVol. 19, No. 03, Jul.-Sep. 2005, 816-827w388825x0122-69160110790 cARIMP c380579d380579